UBT Library

Adolescent Obstetrics& Gynecology (Record no. 46949)

000 -LEADER
fixed length control field 00298nam a22001337a 4500
008 - FIXED-LENGTH DATA ELEMENTS--GENERAL INFORMATION
fixed length control field 180809b xxu||||| |||| 00| 0 eng d
041 ## - LANGUAGE CODE
Language code of text/sound track or separate title eng
080 ## - UNIVERSAL DECIMAL CLASSIFICATION NUMBER
Universal Decimal Classification number 618
082 ## - DEWEY DECIMAL CLASSIFICATION NUMBER
Classification number 618
100 ## - Rafti
Rafti 10
101 ## - Shkurtesa
Shkurtesa GJIN
245 ## - TITLE STATEMENT
Title Adolescent Obstetrics& Gynecology
Statement of responsibility, etc Kreutner,A.K
942 ## - ADDED ENTRY ELEMENTS (KOHA)
Source of classification or shelving scheme
Item type Books
Holdings
Withdrawn status Lost status Source of classification or shelving scheme Damaged status Not for loan Collection code Permanent location Current location Shelving location Date acquired Total Checkouts Full call number Barcode Date last seen Price effective from Koha item type
          Koleksioni i përgjithshem UBT - Lipjan UBT - Lipjan Koleksioni i përgjithshem 08/09/2018   618 KRE 002-3010704 08/09/2018 08/09/2018 Books
UBT Library © 2015-2024. All rights reserved University Education for Business and Technology